000 00367nam a2200133 i 4500
001 bg
100 1 _aSTACHOWIAK, Ambroży
245 0 _aPodstawowe uwarunkowania formowania zintegrowanej sieci magazynowej w kraju /
_cAmbroży Stachowiak.
260 _aPoznań,
_c1978.
040 _cBPK
041 _apol
942 _cKS
008 s pl f |000 0 pol
999 _c18333
_d18333
856 _uhttp://koha.tu.koszalin.pl/cgi-bin/koha/opac-detail.pl?biblionumber=18333
_yKatalog online BPK